[Event "ASD Arci Scacchi BZ II - Merania"]
[Site "?"]
[Date "2014.11.08"]
[Round "1.1"]
[White "Bonagura, Stefano"]
[Black "Reyna Hernandez, Sandor"]
[Result "1/2-1/2"]
[WhiteElo "2211"]
[BlackElo "1941"]
[PlyCount "127"]
[EventDate "2014.??.??"]

1. c4 e6 2. g3 d5 3. Bg2 c6 4. Nf3 Bd6 5. O-O Qe7 6. b3 f5 7. Bb2 Nf6 8. d3 e5
9. cxd5 cxd5 10. d4 e4 11. Ne5 O-O 12. f4 Be6 13. a4 Nc6 14. e3 Rfc8 15. Na3 a6
16. Nc2 Na5 17. Na3 Bb4 18. Ra2 Rc7 19. h3 Rac8 20. g4 g6 21. g5 Nh5 22. Kh2
Bc3 23. Nb1 Bxb2 24. Rxb2 Qb4 25. Qe1 Qxe1 26. Rxe1 Rc2 27. Re2 Rxe2 28. Rxe2
Rc1 29. b4 Nc4 30. Nxc4 dxc4 31. d5 Bxd5 32. Rd2 Bc6 33. b5 axb5 34. axb5 Bxb5
35. Na3 Bc6 36. Rd4 c3 37. Rd8+ Kf7 38. Rd4 Ke7 39. Rc4 Ng7 40. Kg3 Ne6 41. Kf2
Kd6 42. Bf1 b5 43. Rb4 Kc5 44. Rb3 b4 45. Rb1 Rxb1 46. Nxb1 c2 47. Nd2 c1=Q 48.
Nb3+ Kb6 49. Nxc1 Bd5 50. Ke1 Nc5 51. Kd2 Ka5 52. h4 Nb3+ 53. Nxb3+ Bxb3 54.
Kc1 Kb6 55. Kb2 Be6 56. Be2 Kc5 57. Bd1 Kb5 58. h5 Bf7 59. h6 Bc4 60. Bc2 Be2
61. Bb3 Bc4 62. Bd1 Bd5 63. Be2+ Bc4 64. Bd1 1/2-1/2

[Event "ASD Arci Scacchi BZ-Brixen/Milland"]
[Site "?"]
[Date "2014.11.15"]
[Round "2.1"]
[White "Sader, Michael"]
[Black "Seresin, Francesco"]
[Result "0-1"]
[WhiteElo "2176"]
[BlackElo "1826"]
[PlyCount "83"]
[EventDate "2014.??.??"]

1. Nf3 d6 2. c4 f5 3. Nc3 Nf6 4. d3 g6 5. g3 Bg7 6. Bg2 O-O 7. Bg5 Nc6 8. Rb1
h6 9. Bd2 e5 10. b4 g5 11. b5 Ne7 12. c5 Ng6 13. cxd6 Qxd6 14. O-O f4 15. Na4
Nd5 16. Qc2 b6 17. Nc3 Bb7 18. Nxd5 Bxd5 19. Bb4 Qd7 20. Bxf8 Rxf8 21. Nd2 fxg3
22. Bxd5+ Qxd5 23. hxg3 Qd7 24. Qc6 Qxc6 25. bxc6 Ne7 26. Rfc1 Rf6 27. Ne4 Re6
28. Rc4 Nf5 29. e3 Bf8 30. Rb5 Bd6 31. Rd5 Ne7 32. Rxd6 cxd6 33. c7 Nc8 34. Nc3
Kf8 35. Nd5 Ke8 36. Kg2 Kd7 37. Kf3 h5 38. Ke4 b5 39. Rc1 h4 40. g4 h3 41. Kf5
Rh6 42. Nf6+ 0-1

[Event "ASD Arci Scacchi BZ-Brixen/Milland"]
[Site "?"]
[Date "2014.11.15"]
[Round "2.2"]
[White "Olivetti, Davide"]
[Black "Brenninger, Daniel"]
[Result "1-0"]
[WhiteElo "1930"]
[BlackElo "2075"]
[PlyCount "105"]
[EventDate "2014.??.??"]

1. e4 Nf6 2. e5 Nd5 3. d4 d6 4. c4 Nb6 5. Nf3 Bg4 6. Be2 Nc6 7. exd6 exd6 8.
O-O Be7 9. b3 O-O 10. Bb2 f5 11. Nbd2 Bf6 12. Re1 a5 13. a3 Ne7 14. Qc2 Nd7 15.
d5 Nc5 16. Nd4 Bxe2 17. Rxe2 Qd7 18. Ne6 Nxe6 19. Rxe6 Bxb2 20. Qxb2 Ng6 21.
Nf3 c5 22. Rae1 Rae8 23. Qd2 b6 24. Qg5 Rxe6 25. Rxe6 Rf7 26. a4 Nf8 27. Qe3
Qd8 28. Re8 Qf6 29. h4 h6 30. Qe6 Kh7 31. Qxf6 Rxf6 32. Re7 Ng6 33. Rb7 Ne5 34.
Rxb6 Nd3 35. Ra6 Nc1 36. Nd2 Rf7 37. Rxd6 Re7 38. Rb6 g5 39. hxg5 hxg5 40. Nf3
g4 41. Ng5+ Kg8 42. d6 Re1+ 43. Kh2 Rd1 44. Ne6 Nxb3 45. Rxb3 Rxd6 46. Nxc5 f4
47. Rb8+ Kg7 48. Rb7+ Kg6 49. Nd7 Rd2 50. Rb6+ Kg5 51. Rb5+ Kh4 52. Rd5 Rxf2
53. Nf6 1-0

[Event "ASD Arci Scacchi BZ-Brixen/Milland"]
[Site "?"]
[Date "2014.11.15"]
[Round "2.3"]
[White "De Vita, Gianni"]
[Black "Kofler, Thomas"]
[Result "1/2-1/2"]
[WhiteElo "1969"]
[BlackElo "1877"]
[PlyCount "130"]
[EventDate "2014.??.??"]

1. e4 e5 2. Nf3 Nc6 3. Bb5 a6 4. Ba4 Nf6 5. d3 d6 6. h3 b5 7. Bb3 Na5 8. O-O
Nxb3 9. axb3 Be7 10. Nc3 Bb7 11. Ne2 O-O 12. Ng3 g6 13. Bg5 Ne8 14. Bxe7 Qxe7
15. d4 c5 16. d5 Ng7 17. c4 f5 18. Qd2 f4 19. Ne2 b4 20. Ra5 g5 21. Nh2 Ne8 22.
Nc1 Nf6 23. Qe2 Kh8 24. Ng4 Nxg4 25. hxg4 f3 26. gxf3 Rf6 27. Nd3 Raf8 28. Kg2
Bc8 29. Rh1 Qd7 30. f4 gxf4 31. f3 Qd8 32. Raa1 Bxg4 33. Rxa6 Bc8 34. Ra7 Bd7
35. Kf1 Qe7 36. Ke1 Rg6 37. Qh2 Rg7 38. Rg1 Rxg1+ 39. Qxg1 Rg8 40. Qh2 Rg3 41.
Qh6 Rg6 42. Qh2 Rg7 43. Nf2 Qf8 44. Nd3 Qb8 45. Ra5 Qg8 46. Kf2 Rg3 47. Ne1 Bh3
48. Ra7 Qg5 49. Ke2 Qh4 50. Kd2 Qg5 51. Kc2 h5 52. Ra8+ Kh7 53. Ra7+ Kg8 54.
Ra8+ Kf7 55. Rh8 Kg7 56. Ra8 Qg6 57. Ra7+ Kh6 58. Ra8 Qf6 59. Re8 Bd7 60. Ra8
h4 61. Rh8+ Qxh8 62. Qxh4+ Kg7 63. Qe7+ Kg6 64. Qxd6+ Kg5 65. Qe7+ Kg6 1/2-1/2

[Event "ASD Arci Scacchi BZ-Brixen/Milland"]
[Site "?"]
[Date "2014.11.15"]
[Round "2.4"]
[White "Adzic, Ranko"]
[Black "Kofler, Oswald"]
[Result "1-0"]
[WhiteElo "1894"]
[BlackElo "1823"]
[PlyCount "71"]
[EventDate "2014.??.??"]

1. c4 e5 2. Nc3 Nf6 3. Nf3 d6 4. d3 h6 5. g3 Nbd7 6. Bg2 Be7 7. O-O c6 8. Nh4
Nf8 9. b4 g5 10. Nf3 Ng6 11. b5 Qc7 12. Rb1 Bd7 13. d4 Bf5 14. Rb3 e4 15. Nd2
d5 16. bxc6 bxc6 17. cxd5 cxd5 18. Nb5 Qd7 19. Nb1 O-O 20. Ba3 Bxa3 21. N1xa3
a6 22. Nc3 Rac8 23. Qd2 Rc6 24. Na4 Bh3 25. Nc5 Qc8 26. Nc2 Bxg2 27. Kxg2 Nd7
28. Nb4 Nxc5 29. dxc5 Rxc5 30. Nxd5 Qd8 31. Rd1 Rc4 32. Rb6 Qa8 33. Nf6+ Kh8
34. Qb2 Rg8 35. Nxg8+ Kxg8 36. Rb8+ 1-0

[Event "ASD Arci Scacchi BZ-Brixen/Milland"]
[Site "?"]
[Date "2014.11.15"]
[Round "2.5"]
[White "Wisthaler, Lukas"]
[Black "Pichler, Klaus"]
[Result "1/2-1/2"]
[WhiteElo "1810"]
[BlackElo "1744"]
[PlyCount "102"]
[EventDate "2014.??.??"]

1. e4 d5 2. exd5 Qxd5 3. Nc3 Qd6 4. Nf3 Nf6 5. d4 a6 6. Be2 b5 7. O-O Nbd7 8.
a3 e6 9. Bg5 Bb7 10. Qd2 Rd8 11. Rad1 Be7 12. h3 O-O 13. Qe3 Rfe8 14. Ne5 Qb6
15. Qg3 b4 16. axb4 Qxb4 17. Qe3 h6 18. Nd3 Qa5 19. Bf4 Rc8 20. b4 Qf5 21. Nc5
Bxc5 22. dxc5 e5 23. Bg3 Qxc2 24. Rd2 Qf5 25. Rfd1 Nf8 26. Bd3 e4 27. Bc4 Ne6
28. Nd5 Nh5 29. Bh2 Bxd5 30. Rxd5 Qg6 31. Bxa6 Ra8 32. Bc4 Kh7 33. R5d2 f5 34.
Bxe6 Rxe6 35. Bxc7 Rf8 36. Bf4 Qf6 37. Rd7 Kg8 38. R7d6 Nxf4 39. Qxf4 g5 40.
Rxe6 Qxe6 41. Qd6 Qxd6 42. Rxd6 Rb8 43. Rd4 Kf7 44. Kf1 Ke6 45. Rd6+ Ke5 46.
Rxh6 Rxb4 47. g3 Rb1+ 48. Kg2 Rb2 49. Rh8 Rc2 50. Re8+ Kf6 51. g4 Rxc5 1/2-1/2

[Event "ASD Arci Scacchi BZ-Brixen/Milland"]
[Site "?"]
[Date "2014.11.15"]
[Round "2.6"]
[White "D'Ambrosio, Luca"]
[Black "Piela, Jonas"]
[Result "1-0"]
[WhiteElo "1752"]
[BlackElo "1679"]
[PlyCount "83"]
[EventDate "2014.??.??"]

1. d4 Nf6 2. Bg5 e6 3. Nf3 Be7 4. c4 O-O 5. e3 d5 6. Nc3 c6 7. Rc1 Nbd7 8. Bd3
h6 9. Bh4 Re8 10. O-O a6 11. Ne5 Nxe5 12. dxe5 Nd7 13. Bxe7 Qxe7 14. f4 b5 15.
cxd5 cxd5 16. Bb1 Bb7 17. Qd3 f5 18. Ne2 Rac8 19. Nd4 Nc5 20. Qa3 Ne4 21. Qxe7
Rxe7 22. Rxc8+ Bxc8 23. Rc1 Bb7 24. Bd3 Kf8 25. Rc2 Ke8 26. Kf1 Kd7 27. Ke1 Re8
28. Nxb5 Rc8 29. Rxc8 Bxc8 30. Bxe4 dxe4 31. Nd6 a5 32. Nxc8 Kxc8 33. Kd2 Kc7
34. Kc3 Kc6 35. Kc4 g6 36. b3 g5 37. g3 Kb6 38. a3 Kc6 39. b4 axb4 40. axb4 Kb6
41. b5 g4 42. Kb4 1-0

[Event "ASK Niederdorf-SC Taufers"]
[Site "?"]
[Date "2014.11.15"]
[Round "2.1"]
[White "Forer, Erich"]
[Black "Caldara, Sisto"]
[Result "0-1"]
[WhiteElo "1826"]
[BlackElo "1820"]
[PlyCount "64"]
[EventDate "2014.??.??"]

1. d4 f5 2. Nf3 Nf6 3. Bg5 Ne4 4. h4 g6 5. e3 Bg7 6. Nbd2 c5 7. Bd3 d5 8. c3
Nc6 9. Bf4 h6 10. Qe2 c4 11. Bc2 b5 12. Ne5 Nxe5 13. dxe5 Be6 14. Nf3 Bd7 15.
Nd4 e6 16. g4 Qe7 17. gxf5 exf5 18. e6 Bxe6 19. Nxb5 O-O 20. Bxe4 fxe4 21. Bd6
Qd7 22. Bxf8 Rxf8 23. Nd4 Bg4 24. Qc2 Qf7 25. b3 cxb3 26. axb3 Qe7 27. Ra5 Bf6
28. Ra6 Kh7 29. Qa2 Bxd4 30. exd4 Rf7 31. Qa3 Qc7 32. Qb2 e3 0-1

[Event "Brixen/Mlland - Naturns Jambo"]
[Site "?"]
[Date "2014.11.08"]
[Round "1.1"]
[White "Mukic, Josko"]
[Black "Brenninger, Daniel"]
[Result "1/2-1/2"]
[WhiteElo "2270"]
[BlackElo "2075"]
[PlyCount "74"]
[EventDate "2014.??.??"]

1. d4 d5 2. Bf4 c6 3. e3 Bf5 4. c4 e6 5. Qb3 Qb6 6. c5 Qxb3 7. axb3 Nd7 8. b4
Bxb1 9. Rxb1 a6 10. Ra1 Rc8 11. Nf3 h6 12. Nd2 g5 13. Bg3 Bg7 14. Nb3 e5 15.
Bd3 Ne7 16. f3 f5 17. O-O Kd8 18. e4 dxe4 19. fxe4 f4 20. Bf2 exd4 21. Nxd4 Nf8
22. Bc4 Kc7 23. Rad1 Rd8 24. Nf5 Nxf5 25. exf5 Bxb2 26. g3 f3 27. g4 Bc3 28.
Bg3+ Kc8 29. Rxd8+ Kxd8 30. Rxf3 Bxb4 31. Bd6 Nd7 32. Rd3 Ke8 33. Re3+ Kd8 34.
Rd3 Ke8 35. Re3+ Kd8 36. Be7+ Kc7 37. Bd6+ Kd8 1/2-1/2

[Event "Brixen/Mlland - Naturns Jambo"]
[Site "?"]
[Date "2014.11.08"]
[Round "1.2"]
[White "Kofler, Thomas"]
[Black "La Manna, Andrea"]
[Result "1/2-1/2"]
[WhiteElo "1969"]
[BlackElo "2156"]
[PlyCount "101"]
[EventDate "2014.??.??"]

1. e4 d5 2. exd5 Nf6 3. Nc3 Nxd5 4. Bc4 Nb6 5. Bb3 Nc6 6. Nf3 Bf5 7. O-O e6 8.
h3 Be7 9. d4 O-O 10. Bf4 Bf6 11. Nb5 Rc8 12. Ne5 Bxe5 13. dxe5 a6 14. Nc3 Nd4
15. Be3 Nxb3 16. cxb3 Nd5 17. Qd2 Nxe3 18. Qxe3 Qe7 19. Rfd1 Rfd8 20. Rxd8+
Rxd8 21. Rd1 b6 22. Qe2 a5 23. Rd2 h6 24. Rxd8+ Qxd8 25. Qd1 Qg5 26. Kf1 Bg6
27. Qe1 Qf4 28. Kg1 Qd4 29. Qe2 Bf5 30. Nb5 Qc5 31. Nc3 g5 32. Kh2 Kg7 33. g3
Qd4 34. Nb5 Qd7 35. Nc3 Kg6 36. Ne4 Qd4 37. Nf6 c5 38. Kg2 Kg7 39. Ne8+ Kg6 40.
Nf6 Kg7 41. Ne8+ Kf8 42. Nd6 Bg6 43. Qf3 Qxe5 44. Qa8+ Kg7 45. Ne8+ Kh7 46. Qd8
Qe4+ 47. Kh2 Qd4 48. Nf6+ Kg7 49. Ne8+ Kh7 50. Nf6+ Kg7 51. Ne8+ 1/2-1/2

[Event "Brixen/Mlland - Naturns Jambo"]
[Site "?"]
[Date "2014.11.08"]
[Round "1.3"]
[White "Fox, Jonas"]
[Black "Kofler, Oswald"]
[Result "1-0"]
[WhiteElo "1930"]
[BlackElo "1823"]
[PlyCount "82"]
[EventDate "2014.??.??"]

1. e4 e5 2. Nf3 d6 3. d4 Nd7 4. Nc3 h6 5. Be2 Ngf6 6. O-O Be7 7. b3 c6 8. Bb2
Qc7 9. Qd2 Nf8 10. Nh4 g5 11. Nf5 Ng6 12. Nxe7 Qxe7 13. Ba3 Qc7 14. dxe5 dxe5
15. Rad1 Be6 16. Qe3 b6 17. Bd6 Qb7 18. Qg3 Nd7 19. Bg4 a6 20. Na4 Rg8 21. Nb2
c5 22. Rfe1 Nf4 23. Bxe6 fxe6 24. Nc4 O-O-O 25. Be7 Kb8 26. Bxd8 Rxd8 27. Nxe5
Qc7 28. Nd3 e5 29. Nxf4 exf4 30. Qf3 Kc8 31. e5 Re8 32. e6 Nb8 33. Qh5 Re7 34.
Qxh6 g4 35. Qg6 g3 36. hxg3 fxg3 37. Qxg3 Nc6 38. Qxc7+ Kxc7 39. c3 Nd8 40. f4
Rxe6 41. Rxe6 Nxe6 1-0

[Event "Brixen/Mlland - Naturns Jambo"]
[Site "?"]
[Date "2014.11.08"]
[Round "1.4"]
[White "Wisthaler, Lukas"]
[Black "Gurschler, Thomas"]
[Result "1/2-1/2"]
[WhiteElo "1810"]
[BlackElo "1818"]
[PlyCount "62"]
[EventDate "2014.??.??"]

1. e4 g6 2. d4 Bg7 3. f4 c6 4. Nf3 d5 5. e5 h5 6. Bd3 Nh6 7. O-O Bf5 8. c4 dxc4
9. Bxc4 Bxb1 10. Rxb1 e6 11. b3 O-O 12. Qe2 Ng4 13. Be3 Nd7 14. Bf2 Nb6 15. Bd3
Nh6 16. h3 Nd5 17. Qd2 Qb6 18. b4 a6 19. a4 Rfc8 20. g3 Bf8 21. b5 cxb5 22.
axb5 a5 23. Ng5 Bb4 24. Qb2 Bc3 25. Qb3 Bxd4 26. Bc4 Bxf2+ 27. Rxf2 Rd8 28. Ne4
Nf5 29. Bxd5 exd5 30. Nf6+ Kg7 31. Nxd5 Qd4 1/2-1/2

[Event "Brixen/Mlland - Naturns Jambo"]
[Site "?"]
[Date "2014.11.08"]
[Round "1.5"]
[White "Christanell, Anton"]
[Black "Hellweg, Stephan"]
[Result "1-0"]
[WhiteElo "1500"]
[BlackElo "1706"]
[PlyCount "49"]
[EventDate "2014.??.??"]

1. d4 d5 2. Nf3 Nf6 3. b3 e6 4. Bb2 Be7 5. e3 O-O 6. Bd3 Nc6 7. O-O h6 8. a3
Nh7 9. Nbd2 Ng5 10. Nxg5 Bxg5 11. Nf3 Bf6 12. Ne5 Nxe5 13. dxe5 Be7 14. Rc1 b6
15. f4 Bc5 16. Rf3 Bd7 17. Rg3 Re8 18. Qg4 Bf8 19. Rh3 Kh8 20. Bf1 Be7 21. Rf3
Rg8 22. Qh5 Qf8 23. f5 Be8 24. f6 g6 25. fxe7 1-0

[Event "Brixen/Mlland - Naturns Jambo"]
[Site "?"]
[Date "2014.11.08"]
[Round "1.6"]
[White "Pfeifhofer, Helmut"]
[Black "Gurschler, Gregor"]
[Result "1/2-1/2"]
[WhiteElo "1542"]
[BlackElo "1792"]
[PlyCount "37"]
[EventDate "2014.??.??"]

1. e4 d6 2. d4 Nf6 3. Nc3 g6 4. Nf3 Bg7 5. h3 a6 6. Be3 Nc6 7. d5 Ne5 8. Nxe5
dxe5 9. Qd2 e6 10. O-O-O exd5 11. Nxd5 Nxd5 12. Qxd5 Qxd5 13. Rxd5 Be6 14. Rd1
O-O 15. Be2 Rfd8 16. Rd3 Rxd3 17. Bxd3 Rd8 18. Rd1 Rd7 19. Be2 1/2-1/2

[Event "Gries-Naturns Jambo"]
[Site "?"]
[Date "2014.11.15"]
[Round "2.2"]
[White "La Manna, Andrea"]
[Black "Spornberger, Andre"]
[Result "1-0"]
[WhiteElo "2156"]
[BlackElo "2122"]
[PlyCount "61"]
[EventDate "2014.??.??"]

1. d4 Nf6 2. c4 g6 3. Nc3 Bg7 4. e4 d6 5. f3 O-O 6. Be3 Nc6 7. Qd2 a6 8. Rb1
Rb8 9. b4 b5 10. cxb5 axb5 11. Bxb5 Bd7 12. a3 e5 13. d5 Nd4 14. Bxd7 Nxd7 15.
Nge2 Nxe2 16. Qxe2 f5 17. O-O f4 18. Bf2 g5 19. Rfc1 Nf6 20. Nb5 Rf7 21. Rc6
Ne8 22. a4 g4 23. Kh1 g3 24. Ba7 Rb7 25. h3 Qa8 26. Ra6 c5 27. dxc6 Rxa7 28.
Rxa7 Rxa7 29. Nxa7 Qxa7 30. Qc4+ Kf8 31. b5 1-0

[Event "Gries-Naturns Jambo"]
[Site "?"]
[Date "2014.11.15"]
[Round "2.3"]
[White "Benaglia, Giovanni"]
[Black "Fox, Jonas"]
[Result "0-1"]
[WhiteElo "1962"]
[BlackElo "1930"]
[PlyCount "54"]
[EventDate "2014.??.??"]

1. d4 e6 2. Nf3 f5 3. h3 Nf6 4. g4 d5 5. Bf4 Bd6 6. Ne5 Nbd7 7. gxf5 exf5 8.
Rg1 g6 9. Nc3 Qe7 10. Nxd7 Bxd7 11. Bxd6 Qxd6 12. e3 Ne4 13. Nxe4 fxe4 14. Qd2
O-O-O 15. O-O-O Rhf8 16. Rg3 Qf6 17. c4 c6 18. cxd5 cxd5 19. Kb1 Qxf2 20. Qxf2
Rxf2 21. Rc1+ Kb8 22. Bg2 Bb5 23. h4 Bd3+ 24. Ka1 Rc8 25. Rxc8+ Kxc8 26. Bh3+
Kc7 27. h5 Rf3 0-1

[Event "Gries-Naturns Jambo"]
[Site "?"]
[Date "2014.11.15"]
[Round "2.4"]
[White "Unterthurner, Hans"]
[Black "Zammarchi, Massimo"]
[Result "0-1"]
[WhiteElo "2010"]
[BlackElo "1909"]
[PlyCount "84"]
[EventDate "2014.??.??"]

1. e4 e5 2. Nf3 Nc6 3. Bb5 a6 4. Ba4 Nf6 5. O-O Be7 6. Re1 b5 7. Bb3 O-O 8. a4
b4 9. d3 d6 10. Nbd2 Bg4 11. c3 Rb8 12. Nc4 bxc3 13. bxc3 Bxf3 14. gxf3 Nh5 15.
Ne3 Bg5 16. Bc4 Na5 17. Bd5 c6 18. Ba2 Bf4 19. Ng2 Qg5 20. Kh1 Bxc1 21. Qxc1
Qxc1 22. Rexc1 Rb2 23. Kg1 Rfb8 24. Rcb1 Kf8 25. Ne3 Nf4 26. Nd1 Rxb1 27. Rxb1
Rxb1 28. Bxb1 Nb3 29. Nb2 Ne2+ 30. Kf1 Nxc3 31. Bc2 Nd4 32. Nd1 Nxe4 33. fxe4
Nxc2 34. Nb2 Ke7 35. Nc4 Nd4 36. h3 g6 37. Ke1 d5 38. Ne3 Kd6 39. Kd2 a5 40.
Nf1 Nb3+ 41. Kc2 Nc5 42. Ng3 f6 0-1

[Event "Gries-Naturns Jambo"]
[Site "?"]
[Date "2014.11.15"]
[Round "2.5"]
[White "Spornberger, Peter"]
[Black "Gurschler, Thomas"]
[Result "0-1"]
[WhiteElo "1586"]
[BlackElo "1818"]
[PlyCount "64"]
[EventDate "2014.??.??"]

1. e4 g6 2. d4 Bg7 3. Nc3 c6 4. Be3 d5 5. h3 e6 6. a4 Qb6 7. b3 Ne7 8. Nf3 O-O
9. Be2 Nd7 10. Qd2 dxe4 11. Nxe4 Nf5 12. a5 Qd8 13. Rd1 Nxe3 14. fxe3 f5 15.
Neg5 Nf6 16. Bc4 Qe7 17. h4 h6 18. Nh3 Ne4 19. Qd3 Qb4+ 20. Nd2 Qxa5 21. O-O b5
22. Bxe6+ Bxe6 23. Nxe4 fxe4 24. Qxe4 Rxf1+ 25. Rxf1 Bxh3 26. gxh3 Rf8 27. Qe6+
Kh7 28. Rd1 Qc7 29. Kg2 Qf7 30. Qxc6 Qf2+ 31. Kh1 Rf3 32. Qe6 Rg3 0-1

[Event "Gries-Naturns Jambo"]
[Site "?"]
[Date "2014.11.15"]
[Round "2.6"]
[White "Naegele, Norbert"]
[Black "Grumser, Stefan"]
[Result "1/2-1/2"]
[WhiteElo "1849"]
[BlackElo "1319"]
[PlyCount "42"]
[EventDate "2014.??.??"]

1. e4 e5 2. Nc3 Nf6 3. Bc4 Bb4 4. Nge2 Nc6 5. O-O O-O 6. d3 h6 7. a3 Be7 8. h3
d6 9. f4 Be6 10. Nd5 Nd4 11. Nxd4 exd4 12. Qf3 c6 13. Nxe7+ Qxe7 14. Bd2 Bxc4
15. dxc4 Nxe4 16. Qd3 Nxd2 17. Qxd2 Qf6 18. Qb4 b6 19. Rae1 c5 20. Qd2 Rfe8 21.
b3 Kf8 1/2-1/2

[Event "Groeden-SK Klausen"]
[Site "?"]
[Date "2014.11.15"]
[Round "2.1"]
[White "Schacher, Gerd"]
[Black "Moroder, Stefan"]
[Result "1/2-1/2"]
[WhiteElo "2323"]
[BlackElo "2146"]
[PlyCount "86"]
[EventDate "2014.??.??"]

1. g3 d5 2. Nf3 c5 3. c4 Nf6 4. Bg2 Nc6 5. O-O e5 6. Qa4 Bd6 7. cxd5 Nxd5 8.
Nc3 Nb6 9. Qd1 O-O 10. d3 Be7 11. Be3 f6 12. Rc1 Be6 13. Ne4 c4 14. Nc5 Bf7 15.
Nd2 Nd5 16. Nxc4 b5 17. Nb7 Qd7 18. Nca5 Nxa5 19. Nxa5 Nxe3 20. fxe3 Rac8 21.
Nc6 Bd6 22. a3 Rc7 23. Qd2 h5 24. d4 exd4 25. Qxd4 Qe6 26. Rfd1 Rd7 27. Qe4 Qb3
28. Qf5 Qxe3+ 29. Kh1 Be6 30. Bd5 Bxd5+ 31. Qxd5+ Rff7 32. Qxh5 Bxg3 33. hxg3
Rd2 34. Qf3 Qxe2 35. Qxe2 Rxe2 36. Rb1 g5 37. Rd8+ Kg7 38. Nd4 Re4 39. Nf5+ Kg6
40. Nd6 Rh7+ 41. Kg2 Re2+ 42. Kf3 Rhh2 43. g4 Rhf2+ 1/2-1/2

[Event "Groeden-SK Klausen"]
[Site "?"]
[Date "2014.11.15"]
[Round "2.2"]
[White "Oberrauch, Martin"]
[Black "Seebacher, Reinhard"]
[Result "1-0"]
[WhiteElo "2043"]
[BlackElo "1870"]
[PlyCount "91"]
[EventDate "2014.??.??"]

1. e4 c6 2. d3 d5 3. e5 d4 4. g3 Qa5+ 5. Nd2 Qxe5+ 6. Be2 Qd5 7. Bf3 Qd8 8. Ne2
Nf6 9. O-O Bg4 10. Bg2 e5 11. Nc4 Nbd7 12. h3 Be6 13. f4 exf4 14. Nxf4 Bxc4 15.
dxc4 Be7 16. b4 O-O 17. b5 cxb5 18. cxb5 Qb6 19. a4 a6 20. bxa6 Rxa6 21. Bd2
Qa7 22. a5 Rc8 23. Kh1 b6 24. Qe2 bxa5 25. Qxe7 Rxc2 26. Rac1 d3 27. Nxd3 Re6
28. Qd8+ Re8 29. Qxa5 Qxa5 30. Bxa5 Ra2 31. Ra1 Ree2 32. Rxa2 Rxa2 33. Bb4 Nh5
34. Kh2 Re2 35. Re1 Rxe1 36. Bxe1 Nhf6 37. Bc3 h6 38. Nf4 Kf8 39. Nd5 Nxd5 40.
Bxd5 h5 41. Kg2 Nf6 42. Bxf6 gxf6 43. h4 Kg7 44. Kf3 f5 45. Kf4 Kf6 46. Bc4 1-0

[Event "Groeden-SK Klausen"]
[Site "?"]
[Date "2014.11.15"]
[Round "2.3"]
[White "Schrott, Johann"]
[Black "Bernardi, Ruben"]
[Result "0-1"]
[WhiteElo "1802"]
[BlackElo "2035"]
[PlyCount "66"]
[EventDate "2014.??.??"]

1. e4 e6 2. d4 d5 3. Nd2 Nf6 4. e5 Nfd7 5. Bd3 c5 6. c3 Nc6 7. Ngf3 cxd4 8.
cxd4 f6 9. exf6 Nxf6 10. O-O Bd6 11. Re1 O-O 12. Nf1 Qc7 13. Bg5 Bf4 14. Bh4
Bd7 15. Qc2 Nb4 16. Qxc7 Bxc7 17. Bb1 Rae8 18. Ne3 Nc6 19. a3 Bb6 20. Rd1 Na5
21. Bc2 Rc8 22. Ne5 Bb5 23. a4 Nc4 24. axb5 Nxe3 25. Bxh7+ Kxh7 26. fxe3 Rc2
27. Bxf6 Rxf6 28. Nd3 Rg6 29. Ne1 Rxb2 30. Rab1 Re2 31. Rb3 Ba5 32. Kf1 Ra2 33.
Nf3 Rgxg2 0-1

[Event "Groeden-SK Klausen"]
[Site "?"]
[Date "2014.11.15"]
[Round "2.4"]
[White "Moroder, Thomas"]
[Black "Schrott, Ernst"]
[Result "1-0"]
[WhiteElo "1914"]
[BlackElo "1897"]
[PlyCount "123"]
[EventDate "2014.??.??"]

1. e4 c5 2. Nf3 Nf6 3. e5 Nd5 4. g3 Nc6 5. Bg2 e6 6. O-O d6 7. exd6 Bxd6 8. d4
O-O 9. dxc5 Bxc5 10. Qe2 Qc7 11. c4 Nf6 12. Bf4 Bd6 13. Bxd6 Qxd6 14. Rd1 Qc7
15. Nc3 a6 16. Rac1 Bd7 17. Ng5 Rad8 18. Nge4 Bc8 19. Nxf6+ gxf6 20. Ne4 Qe7
21. Qg4+ Kh8 22. Qh4 Kg7 23. c5 Ne5 24. Nd6 Rd7 25. Re1 Ng6 26. Qh5 Qd8 27. f4
Qa5 28. f5 Rxd6 29. cxd6 exf5 30. Red1 Rd8 31. Qe2 f4 32. Qd2 Qxa2 33. gxf4 Bg4
34. Re1 Qb3 35. Qd4 Nh4 36. Re3 Rxd6 37. Rxb3 Rxd4 38. Rg3 h5 39. h3 Nf5 40.
Rb3 Be2 41. Rxb7 Rxf4 42. Bd5 Nh6 43. Kh2 Rf2+ 44. Kg3 Rf5 45. Be4 Re5 46. Kf4
Rg5 47. Rcc7 Bf1 48. Rb3 Bb5 49. Rg3 Rxg3 50. Kxg3 Be2 51. Ra7 f5 52. Bf3 h4+
53. Kf2 Bc4 54. Be2 Be6 55. Bxa6 f4 56. Bf1 Nf5 57. b4 Ng3 58. Bg2 Nf5 59. b5
Nd4 60. b6 f3 61. b7 Nc6 62. Bxf3 1-0

[Event "Groeden-SK Klausen"]
[Site "?"]
[Date "2014.11.15"]
[Round "2.5"]
[White "Seebacher, Michael"]
[Black "Dejori, David"]
[Result "1-0"]
[WhiteElo "1575"]
[BlackElo "1496"]
[PlyCount "97"]
[EventDate "2014.??.??"]

1. e4 e5 2. Nf3 Nc6 3. Bb5 a6 4. Ba4 Nf6 5. O-O Nxe4 6. Re1 Nc5 7. Bxc6 dxc6 8.
Nxe5 Be7 9. d4 Ne6 10. c3 O-O 11. Be3 Bg5 12. Nd2 f6 13. Nd3 Bxe3 14. Rxe3 Qd5
15. Nb4 Qf5 16. Qb3 Kh8 17. Rae1 Re8 18. d5 cxd5 19. Qxd5 Qxd5 20. Nxd5 Bd7 21.
Nb3 Rad8 22. h4 h5 23. g3 f5 24. c4 c5 25. Nb6 Bc6 26. Kf1 Nd4 27. Rxe8+ Rxe8
28. Rxe8+ Bxe8 29. Nxc5 Bc6 30. Nc8 b5 31. cxb5 Bxb5+ 32. Ke1 Nf3+ 33. Kd1 g6
34. a4 Bf1 35. Ne7 Kg7 36. Nc6 Nh2 37. Nb4 a5 38. Nc6 Ng4 39. Ke1 Bg2 40. Nxa5
Ne5 41. b4 Nf3+ 42. Kd1 g5 43. Ne6+ Kf6 44. Nxg5 Nxg5 45. hxg5+ Kxg5 46. Nc4
Kg4 47. Ne3+ Kf3 48. Nxg2 Kxg2 49. a5 1-0

[Event "Groeden-SK Klausen"]
[Site "?"]
[Date "2014.11.15"]
[Round "2.6"]
[White "Grossi, Christian"]
[Black "Sigmund, Ingenuin"]
[Result "1-0"]
[WhiteElo "1728"]
[BlackElo "1772"]
[PlyCount "63"]
[EventDate "2014.??.??"]

1. d4 e6 2. c4 Nf6 3. Nf3 Bb4+ 4. Bd2 Bxd2+ 5. Nbxd2 b6 6. e3 Bb7 7. Bd3 d6 8.
O-O O-O 9. b4 a5 10. b5 Nbd7 11. Qc2 Re8 12. Ng5 Nf8 13. f4 h6 14. Nge4 Ng4 15.
Rae1 d5 16. Nf2 Nxf2 17. Rxf2 Rc8 18. c5 c6 19. bxc6 Bxc6 20. cxb6 Qxb6 21. Rb1
Qa7 22. Nf3 Nd7 23. Ne5 Nxe5 24. fxe5 Rc7 25. Qe2 Rb8 26. Rbf1 Rcb7 27. Qg4 Be8
28. Qxe6 Bb5 29. Rxf7 Rxf7 30. Rxf7 Qxf7 31. Bh7+ Kf8 32. Qd6+ 1-0

[Event "J. Richter/Lask BZ-SC SSV Bruneck"]
[Site "?"]
[Date "2014.11.15"]
[Round "2.1"]
[White "Lang, Marc"]
[Black "De Eccher, Stefano"]
[Result "1/2-1/2"]
[WhiteElo "2323"]
[BlackElo "2233"]
[PlyCount "94"]
[EventDate "2014.??.??"]

1. d4 d5 2. c4 c6 3. Nc3 dxc4 4. e4 b5 5. a4 b4 6. Nce2 Nf6 7. Ng3 Ba6 8. Nf3
Qa5 9. Be2 e6 10. O-O Nbd7 11. Bf4 c3 12. bxc3 bxc3 13. Bxa6 Qxa6 14. Qb3 Be7
15. Rfc1 O-O 16. Rxc3 Rac8 17. Rac1 c5 18. Qb5 Qc6 19. h3 Rfd8 20. Be3 Rc7 21.
dxc5 Rb8 22. Nd4 Qa8 23. Qa5 Rxc5 24. Rxc5 Bxc5 25. Rxc5 Nxc5 26. Qxc5 Nxe4 27.
Nxe4 Qxe4 28. Nc6 Rb1+ 29. Kh2 h6 30. Ne7+ Kh7 31. Qc8 Qe5+ 32. g3 Qb8 33. Qxb8
Rxb8 34. Nc6 Rb3 35. a5 g5 36. Bxa7 Ra3 37. Bc5 Ra2 38. Bb6 Kg6 39. Nb4 Ra4 40.
Nd3 Kf5 41. g4+ Kf6 42. Nc5 Ra2 43. a6 Ke7 44. a7 Rxf2+ 45. Kg3 Ra2 46. Nb7 Ra6
47. Na5 Kd6 1/2-1/2